The Mission

Uloženo v:
Podrobná bibliografie
Hlavní autor: Habe, Hans
Médium: Kniha
Jazyk:Undetermined
Vydáno: New York, Estados Unidos Coward-MacCann 1966
Témata:
Tagy: Přidat tag
Žádné tagy, Buďte první, kdo vytvoří štítek k tomuto záznamu!

MARC

LEADER 00000nam a2200000Ia 4500
008 170316s9999 xx 000 0 und d
040 |a cru BVZT 
090 |a 830 H-1m 
100 |a Habe, Hans 
245 4 |a The Mission 
260 |a New York, Estados Unidos 
260 |b Coward-MacCann 
260 |c 1966 
300 |a 319 páginas 
650 |a LITERATURA ALEMANA 
999 |c 7349  |d 7349 
942 |c 15 D  |h 830 H-1m  |2 z